[Event "Sampa Chess Open 2024"]
[Site "Sao Paulo"]
[Date "2024.02.04"]
[Round "9.11"]
[White "Terao, Juliana Sayumi"]
[Black "Ikejiri, Daniel Yoshito"]
[Result "1-0"]
[WhiteElo "2198"]
[BlackElo "1916"]
[PlyCount "85"]
[EventDate "2024.01.29"]
[EventRounds "9"]
[EventCountry "BRA"]

1. e4 c5 2. c3 Nf6 3. e5 Nd5 4. Nf3 Nc6 5. Bc4 Nb6 6. Bb3 d5 7. exd6 Qxd6 8.
Na3 a6 ({RR} 8... Be6 9. d4 Bxb3 10. Qxb3 cxd4 11. Nb5 Qd7 12. Nbxd4 Nxd4 13.
Nxd4 e5 14. Nf3 Bd6 15. Be3 Qc6 16. Bxb6 Qxb6 17. Qxb6 axb6 18. O-O-O Ke7 19.
Rhe1 Rxa2 20. Nxe5 Ra1+ 21. Kc2 Rxd1 22. Kxd1 Bxe5 23. Rxe5+ {Kazhgaleyev,M 
(2604)-Shirov,A (2699) Bastia 2002 1/2-1/2}) 9. O-O ({RR} 9. d4 cxd4 10. Nxd4
Nxd4 11. cxd4 Be6 12. O-O Bd5 13. Bxd5 Qxd5 14. Nc2 g6 15. Ne3 Qd6 16. Qf3 Qd7
17. Bd2 Bg7 18. Rad1 O-O 19. d5 Rac8 20. b3 Qd6 21. Rfe1 Rfe8 22. Ba5 Nd7 23.
Nc4 Qc5 {Aloma Vidal,R (2437)-Kamsky,G (2662) chess.com INT 2021 0-1}) 9... Be6
10. Re1 c4 $146 ({RR} 10... Bd5 11. d4 cxd4 12. Nxd4 Bxb3 13. Qxb3 Nxd4 14.
cxd4 e6 15. Bd2 Be7 16. Ba5 Nd5 17. Nc4 Qd7 18. Nb6 Nxb6 19. Bxb6 Rc8 20. d5
Qxd5 21. Qxd5 exd5 22. Rad1 Rc6 23. Bd4 f6 24. Bc3 Kf7 25. Rxd5 {Seymour,T 
(2093)-Jackson,J (2222) London 2012 1/2-1/2 (69)}) 11. Bc2 g6 12. b3 Bg7 13.
Qe2 cxb3 14. axb3 O-O 15. d4 Rac8 16. Bb2 Qd7 17. Ng5 Bf5 18. Ne4 Bxe4 19. Bxe4
e6 20. Nc2 Rfd8 21. Red1 Nd5 22. Ne3 Nce7 23. c4 Nxe3 24. fxe3 Nf5 25. Qf3 Rc7
26. Bc3 Rb8 27. Be1 Re8 28. Ba5 Bh6 29. Bxc7 Qxc7 30. Re1 Qb6 31. Rab1 Nxe3 32.
Kh1 Qxd4 33. Bxb7 Rd8 34. Bxa6 Qc3 35. h3 Qa5 36. Bb7 Qa2 37. c5 Rd2 38. Qg3
Rf2 39. Ra1 Qb2 40. Ra4 Kg7 41. Qb8 Kf6 42. Qh8+ Bg7 43. Qd8+ 1-0

[Event "Sampa Chess Open 2024"]
[Site "Sao Paulo"]
[Date "2024.02.04"]
[Round "9.12"]
[White "Santanna, Paulo"]
[Black "Batista, Renato Luiz"]
[Result "0-1"]
[WhiteElo "2021"]
[BlackElo "2174"]
[PlyCount "50"]
[EventDate "2024.01.29"]
[EventRounds "9"]
[EventCountry "BRA"]

1. d4 Nf6 2. Nc3 d5 3. Bf4 g6 4. Qd2 c6 5. Nf3 Bf5 6. Ne5 Bg7 7. f3 h5 8. O-O-O
Nbd7 9. Kb1 Nxe5 $146 ({RR} 9... O-O 10. Bh6 Qc7 11. Nxd7 Qxd7 12. Bxg7 Kxg7
13. h4 Rh8 14. Re1 Rad8 15. e4 dxe4 16. fxe4 Bg4 17. e5 Ne8 18. d5 cxd5 19. Bb5
Qc8 20. Rhf1 Nc7 21. Bd3 Ne6 22. Qf2 Rhf8 23. Qxa7 Qc5 24. Qxc5 {Negele,M 
(2134)-Pick,S (2059) Leverkusen 2012 1-0 (72)}) ({RR} 9... Rc8 10. Re1 O-O 11.
e4 dxe4 12. fxe4 Be6 13. Nf3 Nb6 14. Bh6 Nc4 15. Bxc4 Bxc4 16. h3 Kh7 17. Bxg7
Kxg7 18. g4 hxg4 19. hxg4 Rh8 20. Rxh8 Qxh8 21. Qg2 Kf8 22. Rh1 Qg7 23. Ng5 Ke8
24. e5 {Hymer,B (1887)-Phillips,M Leamington Spa ENG 2021 1-0 (35)}) 10. dxe5
Nd7 11. e4 dxe4 12. e6 Bxe6 13. Nxe4 Qb6 14. c3 O-O-O 15. Be3 Qa5 16. c4 Qa4
17. b3 Qa3 18. Qc2 Bf5 19. Be2 Qa5 20. Bd4 Bxd4 21. Rxd4 Qe5 22. Qc3 Bxe4+ 23.
fxe4 c5 24. Rd3 Qxc3 25. Rxc3 Ne5 0-1

[Event "Sampa Chess Open 2024"]
[Site "Sao Paulo"]
[Date "2024.02.04"]
[Round "9.13"]
[White "Fernandes De Sousa, Julio Cesar"]
[Black "Rigonati, Eduardo Enrico Sant"]
[Result "0-1"]
[WhiteElo "2162"]
[BlackElo "1827"]
[PlyCount "58"]
[EventDate "2024.01.29"]
[EventRounds "9"]
[EventCountry "BRA"]

1. e4 Nf6 2. e5 Nd5 3. d4 d6 4. c4 Nb6 5. exd6 exd6 6. Nc3 Be7 7. Be3 O-O 8.
Bd3 Bf6 ({RR} 8... Re8 9. Qc2 h6 10. Nge2 Nc6 11. a3 Bg5 12. Bxg5 Qxg5 13. O-O
Bh3 14. Ng3 Nxd4 15. Bh7+ Kh8 16. Qd3 Be6 17. Nge4 Qe5 18. f4 Bxc4 19. Qd1 Qe7
20. Qxd4 Bxf1 21. Rxf1 Kxh7 22. f5 f6 23. Qd3 {Moroni,L (2553)-Maghsoodloo,P 
(2671) chess.com INT 2019 0-1}) 9. h3 $146 ({RR} 9. Nge2 Nc6 10. O-O Bg4 11. f3
Bh5 12. Ne4 Re8 13. Nxf6+ Qxf6 14. Bf2 g5 15. Rc1 Re7 16. Ng3 Bg6 17. Bxg6 Qxg6
18. Re1 Rae8 19. Rxe7 Rxe7 20. c5 Nd5 21. cxd6 cxd6 22. a3 Nf4 23. d5 Ne5 {
Azorit,L (2000)-Schlueter,Y (2105) Luxembourg 1999 0-1 (61)}) ({RR} 9. Nge2 Nc6
10. b3 Bg4 11. Qd2 Re8 12. O-O Bh5 13. Nf4 Bg6 14. Nxg6 hxg6 15. Be4 Qd7 16. h3
Re7 17. Bf3 Rae8 18. Rad1 Qc8 19. Qc1 Rd8 20. Bg4 Qb8 21. Qb1 Ree8 22. g3 Ne7
23. Ne4 Nd7 {Horvath,A (2517)-Ruck,R (2524) Ajka HUN 2019 1-0 (58)}) ({RR} 9.
Nge2 Bg4 10. Qc2 h6 11. O-O Nc6 12. a3 Re8 13. h3 Bxe2 14. Nxe2 d5 15. c5 Nc8
16. b4 a6 17. Qd2 b6 18. f4 a5 19. Rac1 axb4 20. axb4 Nxb4 21. cxb6 Nxb6 22.
Bb5 c6 23. Qxb4 cxb5 {Kezele,T (2005)-Rakic,M (2051) Subotica 2004 0-1 (45)}) (
{RR} 9. Nf3 Re8 10. h4 Bg4 11. Bxh7+ Kxh7 12. Ng5+ Bxg5 13. hxg5+ Kg8 14. Qxg4
Nxc4 15. Qh5 Kf8 16. Qh8+ Ke7 17. Qxg7 Kd7 18. Qxf7+ Kc8 19. Qxc4 Qxg5 20.
O-O-O Qxg2 21. Rh8 Rxh8 22. Qe6+ Nd7 23. Nd5 Kd8 {McDonald,K-Dewis,A ICC INT
2009 0-1 (37)}) 9... Be6 10. b3 d5 11. c5 Nc8 12. Nge2 Nc6 13. a3 N8e7 14. Qc2
h6 15. Rd1 Qd7 16. g4 Rae8 17. Kd2 Bh4 18. Ng1 f5 19. Nf3 Bxf2 20. Bxf2 fxg4
21. Rdg1 Rxf3 22. Kc1 Bf5 23. Bxf5 Qxf5 24. Qxf5 Nxf5 25. Be1 Nfxd4 26. Rxg4
Nxb3+ 27. Kb2 Nxc5 28. Bh4 Ne5 29. Rg2 Nc4+ 0-1

[Event "Sampa Chess Open 2024"]
[Site "Sao Paulo"]
[Date "2024.02.04"]
[Round "9.14"]
[White "Passos, Marco Aurelio Novae"]
[Black "Saito, Vinicius"]
[Result "0-1"]
[WhiteElo "1671"]
[BlackElo "2147"]
[PlyCount "86"]
[EventDate "2024.01.29"]
[EventRounds "9"]
[EventCountry "BRA"]

1. e4 e6 2. d4 d5 3. exd5 exd5 4. Nf3 Nc6 5. Bd3 Bg4 6. c3 Bd6 7. Qe2+ Nge7 8.
Bg5 f6 9. Bh4 Qd7 10. Nbd2 ({RR} 10. h3 Bh5 11. g4 Bg6 12. Bxg6+ hxg6 13. Nbd2
O-O-O 14. O-O-O Rde8 15. Qd3 Bf4 16. Bg3 Qd6 17. Nh4 Rh6 18. Qf3 Bxg3 19. fxg3
Reh8 20. Qg2 Nd8 21. Rde1 Ne6 22. Re3 Ng5 23. Rhe1 Nc6 24. Nb3 Ne4 {Tarnowska,
A (1843)-Kopica,P (1925) Jastrzebia Gora POL 2019 1-0 (36)}) 10... O-O-O 11.
O-O-O Rde8 12. Qf1 $146 ({RR} 12. Bg3 Nf5 13. Qf1 Nxg3 14. hxg3 Qf7 15. Bb5 Bd7
16. Re1 g6 17. Rxe8+ Rxe8 18. Qd1 h5 19. Qc2 Re7 20. Nh4 f5 21. Nhf3 Qf6 22.
Qb3 Be8 23. Bd3 Bf7 24. Bb5 Nd8 25. Re1 f4 26. Rxe7 Qxe7 {Kristinsdottir,A 
(2025)-Martinez Porras,I (2104) Istanbul 2000 1/2-1/2 (38)}) 12... Ng6 13. Bg3
Nf4 14. Bxf4 Bxf4 15. h3 Be6 16. Kb1 Ne7 17. Nb3 b6 18. Bb5 c6 19. Ba6+ Kb8 20.
a4 Nf5 21. g3 Bd6 22. Rc1 Ne7 23. Nfd2 g5 24. c4 dxc4 25. Nxc4 Bd5 26. Rg1 Bb4
27. Qd1 Qxh3 28. Ne3 Qd7 29. Nxd5 Qxd5 30. Rc4 Bd6 31. Qg4 Rd8 32. Rgc1 h5 33.
Qd1 h4 34. gxh4 gxh4 35. Qh1 h3 36. R4c3 Qxh1 37. Rxh1 h2 38. Nd2 Rdg8 39. Rcc1
Bf4 40. Kc2 Nd5 41. Bc4 Rh3 42. Bxd5 cxd5 43. Rcf1 Rc8+ 0-1

[Event "Sampa Chess Open 2024"]
[Site "Sao Paulo"]
[Date "2024.02.04"]
[Round "9.15"]
[White "Cueto, Jonny"]
[Black "Cruz, Natan Gomes"]
[Result "1-0"]
[WhiteElo "2108"]
[BlackElo "1888"]
[PlyCount "95"]
[EventDate "2024.01.29"]
[EventRounds "9"]
[EventCountry "BRA"]

1. e4 c6 2. Nc3 d5 3. Nf3 dxe4 4. Nxe4 Nf6 5. Qe2 Nxe4 6. Qxe4 Qd5 7. Qh4 Qe6+
8. Be2 Qg6 9. Qg3 Qxg3 10. hxg3 Bf5 ({RR} 10... g6 11. d4 Bg7 12. Bh6 Bf6 13.
Ne5 Be6 14. O-O-O Nd7 15. f4 Rg8 16. g4 Rd8 17. c4 Bxe5 18. fxe5 Nb6 19. b3 g5
20. Kc2 f6 21. exf6 exf6 22. Kc3 Kf7 23. Rdf1 Rg6 24. Bd3 Bxg4 25. Bxg6+ {
Bacrot,E (2708)-Topalov,V (2749) Paris 2017 1/2-1/2 (46)}) 11. d3 Nd7 12. Be3
$146 ({RR} 12. Nh4 Be6 13. Be3 g6 14. Bd4 Nf6 15. O-O-O Bg7 16. g4 Rd8 17. Bc3
O-O 18. g5 Nd5 19. Bxg7 Kxg7 20. g3 a5 21. Kb1 a4 22. a3 b5 23. c3 c5 24. d4 c4
25. Bf3 Bc8 26. Rhe1 e6 {Beltran de Heredia Eguiazabal,M (2229)-Santos Latasa,
J (2582) Linares ESP 2018 0-1 (40)}) ({RR} 12. Nh4 Be6 13. Bd2 Nf6 14. O-O-O h6
15. f4 O-O-O 16. Rde1 Bd7 17. Nf3 Be8 18. Rh4 Rg8 19. g4 e6 20. g5 hxg5 21.
Nxg5 Be7 22. Reh1 Bd6 23. Rh8 Rxh8 24. Rxh8 Kd7 25. Bf3 Ke7 26. g3 Bc5 {
Miron,L (2512)-Vajda,A (2327) Mamaia ROU 2021 1/2-1/2}) 12... e5 13. O-O-O Be7
14. d4 e4 15. Nd2 O-O-O 16. g4 Bg6 17. g5 f5 18. g4 Rhf8 19. gxf5 Bxf5 20. Rdg1
Rde8 21. Bg4 Bg6 22. Bh5 Nb6 23. Bxg6 hxg6 24. Rh4 Nd5 25. Rxe4 Bd6 26. Rgg4
Rxe4 27. Nxe4 Bf4 28. Kd2 Re8 29. Rxf4 Nxf4 30. Nd6+ Kd7 31. Nxe8 Ne6 32. Nf6+
gxf6 33. gxf6 b6 34. Kd3 Nc7 35. c4 Ke6 36. Bf4 Na6 37. a3 Kxf6 38. Ke4 Ke6 39.
b4 b5 40. c5 Ke7 41. d5 Kd7 42. f3 g5 43. Be5 cxd5+ 44. Kxd5 Nc7+ 45. Bxc7 Kxc7
46. Ke6 a5 47. Kf5 axb4 48. axb4 1-0

[Event "Sampa Chess Open 2024"]
[Site "Sao Paulo"]
[Date "2024.02.04"]
[Round "9.17"]
[White "Vargas, Goncalo Cintra"]
[Black "De Menezes, Ricardo Fagner Dias"]
[Result "1/2-1/2"]
[WhiteElo "2041"]
[BlackElo "1675"]
[PlyCount "94"]
[EventDate "2024.01.29"]
[EventRounds "9"]
[EventCountry "BRA"]

1. Nf3 d5 2. b3 Nf6 3. Bb2 c6 4. c4 e6 5. e3 Bd6 6. Be2 ({RR} 6. d4 Ne4 ({RR} 
6... Nbd7 7. Bd3 O-O 8. O-O ({RR} 8. Nbd2 Qc7 9. O-O b6 10. Rc1 Bb7 11. Qc2 h6
12. h3 Rfe8 13. Qb1 Rad8 14. a4 Qb8 15. Qa1 a5 16. Rfd1 c5 17. cxd5 exd5 18.
Bb5 Re6 19. Nb1 Ne4 20. Nc3 Rg6 21. Nxe4) ({RR} 8. Ne5 dxc4 9. bxc4 c5 10. O-O
b6 11. Qf3 Ba6 12. Nd2 Qc7 13. Qg3 Nh5 14. Qh4 g6 15. f4 Ng7 16. Ne4 Nf5 17.
Qh3 f6 18. Nxd6 Qxd6 19. Nxd7 Qxd7 20. Rad1 cxd4 21. Bxf5) 8... Qe7 ({RR} 8...
b6 9. Nbd2 Bb7 10. Re1 c5 11. cxd5 exd5 12. dxc5 bxc5 13. Rc1 a5 14. e4 Bf4 15.
exd5 Bxd5 16. Qc2 a4 17. Rcd1 axb3 18. axb3 Qa5 19. Ne4 Bxe4 20. Bxe4 Rab8 21.
Bxh7+) 9. Ne5 c5 10. Qe2 b6 11. Nd2 Bb7 12. Rad1 Rfe8 13. Bb1 Nf8 14. f4 N6d7
15. dxc5 Bxe5 16. fxe5 Qxc5 17. Bd4 Qc7 18. Qh5 Ng6 19. Rxf7 Kxf7 20. Qxh7 Ndf8
21. Bxg6+) ({RR} 6... Ne4 7. Be2 O-O 8. O-O Nd7 9. Qc1 Qe7 10. Ba3 a5 11. Bd3
f5 12. Bxd6 Qxd6 13. Nc3 b6 14. Na4 Bb7 15. Nxb6 Nxb6 16. c5 Qd8 17. cxb6 Qxb6
18. Bxe4 fxe4 19. Ne5 Rf5 20. f4 exf3 21. Rxf3) 7. Be2 O-O 8. O-O Nd7 9. Qc1
Qe7 10. Ba3 a5 11. Bd3 f5 12. Bxd6 Qxd6 13. Nc3 b6 14. Na4 Bb7 15. Nxb6 Nxb6
16. c5 Qd8 17. cxb6 Qxb6 18. Bxe4 fxe4 19. Ne5 Rf5 20. f4 exf3 {Kovalenko,I 
(2664)-Breder,D (2463) Germany 2017 1-0 (45)}) ({RR} 6. d4 Qe7 7. Nbd2 Ba3 8.
Bc3 Bb4 9. Qc2 Bxc3 10. Qxc3 O-O 11. Bd3 Nbd7 12. O-O Re8 13. Ne5 Nxe5 14. dxe5
Nd7 15. f4 a5 16. Rf3 Qb4 17. Qc2 g6 18. a3 Qb6 19. h4 Nc5 20. Be2 Bd7 {
Panazzolo,P (1730)-Mesquita,G (1975) Florianopolis 2024 1/2-1/2 (49)}) 6...
Nbd7 7. O-O O-O 8. Nc3 $146 ({RR} 8. d4 b6 9. a4 Bb7 10. Nbd2 c5 11. a5 bxa5
12. Ne5 cxd4 13. exd4 Bb4 14. Ndf3 Nxe5 15. Nxe5 Nd7 16. Nd3 dxc4 17. bxc4 Qg5
18. d5 exd5 19. Bf3 Nb6 20. c5 Nc4 21. Bc1 Qf6 22. Rb1 Rfd8 {Dzagnidze,N (2550)
-Goryachkina,A (2423) Khanty-Mansiysk 2014 0-1 (40)}) ({RR} 8. d3 e5 9. Nc3 Qc7
10. h3 e4 11. Ne1 a6 12. cxd5 cxd5 13. Rc1 Qb6 14. dxe4 Be5 15. exd5 Qa5 16. e4
Nxe4 17. Nxe4 Bxb2 18. Rc2 Bf6 19. Nxf6+ Nxf6 20. Bf3 Bf5 21. Rd2 Rfd8 22. g4
Be6 {Noeckler,A (1967)-Zegners,D Fuerth 2014 1-0 (70)}) ({RR} 8. d4 Qe7 9. Nc3
a6 10. Qc2 dxc4 11. bxc4 e5 12. Ne4 Nxe4 13. Qxe4 f5 14. Qh4 Qxh4 15. Nxh4 Be7
16. Nf3 e4 17. Nd2 b6 18. Rab1 Bb7 19. Bc3 a5 20. a4 Ba6 21. f3 Bg5 22. Kf2
Rae8 {Winterkamp,S (1978)-Uhlmann,E (1894) Bayern 2007 1-0 (41)}) 8... b6 9.
cxd5 cxd5 10. Nb5 Qe7 11. Qc1 Ba6 12. Nfd4 Bxb5 13. Nxb5 Rfc8 14. Qd1 Qf8 15.
Nxd6 Qxd6 16. Ba6 Rc7 17. Rc1 Ne8 18. f4 Rxc1 19. Qxc1 Nc5 20. Bb5 Qd8 21. Qc3
f6 22. b4 Ne4 23. Qc6 N8d6 24. d3 a6 25. dxe4 axb5 26. e5 Ne4 27. Qxe6+ Kf8 28.
exf6 gxf6 29. a3 Qe8 30. Qf5 Qf7 31. Rc1 Nd6 32. Qxf6 Qxf6 33. Bxf6 Rxa3 34.
Bd4 Nc4 35. Ra1 Rb3 36. Ra8+ Kf7 37. Ra7+ Ke6 38. Rxh7 Kf5 39. Rf7+ Kg4 40. h3+
Kg3 41. Rg7+ Kh4 42. Bf6+ Kh5 43. g4+ Kh6 44. g5+ Kh5 45. Rh7+ Kg6 46. Rh6+ Kf5
47. Bd4 Ke4 1/2-1/2

[Event "Sampa Chess Open 2024"]
[Site "Sao Paulo"]
[Date "2024.02.04"]
[Round "9.18"]
[White "Martins De Aguiar, Marina"]
[Black "Santos, Marcus Vinicius Mor"]
[Result "0-1"]
[WhiteElo "1862"]
[BlackElo "2331"]
[PlyCount "76"]
[EventDate "2024.01.29"]
[EventRounds "9"]
[EventCountry "BRA"]

1. e4 {Stockfish 16} g6 2. Nf3 Bg7 3. d4 d6 4. c4 Nf6 5. Nc3 O-O 6. Be2 Na6 7.
O-O e5 8. a3 exd4 ({RR} 8... Bg4 9. Be3 exd4 ({RR} 9... c6 10. b4 Nh5 11. Ra2
Nc7 12. d5 cxd5 13. Nxd5 Nxd5 14. Qxd5 Qc7 15. Rd1 Rfd8 16. Rad2 Bxf3) 10. Nxd4
Bxe2 11. Ndxe2 Ng4 12. Bd4 Bxd4 13. Nxd4 Qh4 14. Nf3 Qf6 15. Qd2 c6 16. Rad1
Ne5 17. Nxe5 dxe5 18. Qe3 Qe7 19. Rd2 Qc5 20. Qe2 Rfd8 21. Rfd1 Rxd2 22. Rxd2
Qe7 23. Qd1 {Licael Roderick Ticona Rocaba (2350)-Jose Fernando Cuenca Jimenez
(2514) Florianopolis 2024 [Stockfish 16] 1/2-1/2 (67)}) ({RR} 8... c6 9. b4 Nc7
10. d5 a5 11. Be3 Na6 12. dxc6 bxc6 13. c5 dxc5 14. bxc5 Qxd1 15. Rfxd1 Ng4 16.
Na4 Nxe3 17. fxe3 Be6 18. Rab1 Bh6 19. Kf2 f5 20. exf5 Bxf5 21. e4 Bxe4 22. Rb7
Bc2 23. Bc4+) 9. Nxd4 Nc5 ({RR} 9... Re8 10. f3 c6 11. Kh1 Nc7 12. Bg5 d5 13.
cxd5 cxd5 14. Ndb5 Ne6 15. Bxf6 Bxf6 16. Nxd5 Bxb2 17. Rb1 Bg7 18. f4 Rf8 19.
f5 Be5 20. fxe6 Qh4 21. h3 Bxe6 22. Qe1 Qh6 23. Qc1 Qh4 24. Qe3 {Beliavsky,A 
(2650)-Kozul,Z (2565) Bled 2002 1-0 (37)}) ({RR} 9... Re8 10. f3 c6 11. Kh1 Nc7
12. Bg5 d5 13. cxd5 cxd5 14. Ndb5 Ne6 15. Bxf6 Bxf6 16. Nxd5 Bxb2 17. Rb1 Bg7
18. f4 Rf8 19. f5 Be5 20. fxe6 Qh4 21. h3 Bxe6 22. Qe1 Qh6 23. Qc1) 10. Qc2
$146 ({RR} 10. f3 a5 11. b3 Nh5 12. Be3 f5 13. exf5 gxf5 14. b4 axb4 15. axb4
Rxa1 16. Qxa1 Ne6 17. Nxe6 Bxe6 18. Qc1 f4 19. Bf2 Qg5 20. Re1 Be5 21. Bf1 Ng7
22. Nb5 c6 23. Nd4 Bd7 24. Qd1 Qf6 {Shen,Y (2439)-Gu,X (2225) Beijing 2008 1/
2-1/2 (45)}) ({RR} 10. f3 Re8 11. Be3 c6 12. Bf2 a5 13. b3 Nh5 14. b4 axb4 15.
axb4 Rxa1 16. Qxa1 Nf4 17. Qd1 Qg5 18. g3 Nh3+ 19. Kg2 Nxf2 20. Rxf2 Qe3 21.
Nc2 Qxc3 22. bxc5 dxc5 23. Bf1 Be6 24. Qb1 Rd8 {Popov,S (2151)-Onischuk,V 
(2353) Alushta 2005 0-1 (40)}) ({RR} 10. f3 Nh5 11. Be3 Re8 12. b4 Ne6 13. Re1
Nef4 14. Qc2 Nxe2+ 15. Rxe2 Be5 16. Rd1 c6 17. Qd2 Qf6 18. Ree1 Nf4 19. Nce2
Nxe2+ 20. Nxe2 Qh4 21. g3 Qh5 22. Rf1 Be6 23. Rc1 Rad8 24. Nf4 Bxf4 {Scepanik,
H (1903)-Jochens,A (2249) Kiel 2009 1/2-1/2 (72)}) 10... Nfxe4 11. Nxe4 Bxd4
12. Rd1 Ne6 13. Bh6 Re8 14. Rd3 f5 15. Nc3 Be5 16. Rad1 c6 17. g3 Nc5 18. Re3
Qf6 19. h4 Bd7 20. Kg2 a5 21. f4 Bd4 22. Rxe8+ Rxe8 23. Bf3 Bxc3 24. bxc3 Ne4
25. Bxe4 fxe4 26. Qb3 Qe6 27. Rh1 e3 28. Qd1 c5 29. f5 Qe4+ 30. Kh2 e2 31. Qe1
Qxf5 32. Bf4 Bc6 33. Rg1 Qe6 34. Bd2 Rf8 35. Bf4 Qxc4 36. Qd2 Re8 37. Re1 Qe4
38. Kh3 h5 0-1

[Event "Sampa Chess Open 2024"]
[Site "Sao Paulo"]
[Date "2024.02.04"]
[Round "9.19"]
[White "Tsuboi, Edson Kenji"]
[Black "Jorge, Denrick Cabral Jose"]
[Result "1-0"]
[WhiteElo "2200"]
[BlackElo "1874"]
[PlyCount "63"]
[EventDate "2024.01.29"]
[EventRounds "9"]
[EventCountry "BRA"]

1. e4 c5 2. Nf3 d6 3. d4 cxd4 4. Nxd4 Nf6 5. Nc3 a6 6. a4 e5 7. Nf3 Be7 8. Bc4
Be6 9. Bb3 ({RR} 9. Qe2 Qc8 10. Bb3 Nbd7 11. O-O Nc5 12. Nd2 O-O 13. f3 Nxb3
14. cxb3 Qc5+ 15. Kh1 Qb4 16. Nc4 Qxb3 17. Ne3 Rac8 18. Rd1 Rfd8 19. g4 g6 20.
g5 Nh5 21. Ra3 Nf4 22. Rxb3 Nxe2 23. Rxb7 Nxc3 {Krishnan,V (2228)
-Lorparizangeneh,S (2497) chess.com INT 2022 0-1 (55)}) 9... O-O ({RR} 9... h6
10. O-O O-O 11. Nh4 Nc6 12. Nf5 Bxf5 13. exf5 Nd4 14. Nd5 Nxb3 15. cxb3 Rc8 16.
Be3 Rc6 17. b4 Nxd5 18. Qxd5 Qd7 19. b5 Rc2 20. Rac1 Rxb2 21. b6 Rc8 22. g3 Rc6
23. Rxc6 Qxc6 24. Qxc6 {Carlsen,M (2857)-Grischuk,A (2754) chess.com INT 2016
1-0 (49)}) 10. O-O Nc6 11. Bg5 Na5 $146 ({RR} 11... Rc8 12. Bxf6 Bxf6 13. Nd5
Kh8 14. c3 Na5 15. Ba2 Nc4 16. Bxc4 Rxc4 17. Qd3 Rc5 18. Ne3 Qc7 19. Ra3 Rc8
20. Rd1 Be7 21. h3 g6 22. Rc1 Kg7 23. b4 Rc6 24. a5 Bc4 25. Qb1 Rd8 26. Nd2 {
Zapata,A (2425)-Diaz,J Cienfuegos 1983 0-1 (56)}) 12. Bxf6 Bxf6 13. Ba2 Nc4 14.
Nd5 b5 15. axb5 axb5 16. Bxc4 Rxa1 17. Qxa1 bxc4 18. Rd1 Bg4 19. Qa3 Bg5 20.
Qc3 f5 21. Qxc4 Bxf3 22. gxf3 Kh8 23. exf5 Rxf5 24. Qe4 Qf8 25. Ra1 g6 26. Ne3
Kg7 27. Nxf5+ gxf5 28. Ra7+ Kh6 29. Qd5 Bf4 30. Qe6+ Kg5 31. Rf7 Qd8 32. Qxf5+
1-0

[Event "Sampa Chess Open 2024"]
[Site "Sao Paulo"]
[Date "2024.02.04"]
[Round "9.20"]
[White "De Paula, Luan Araujo"]
[Black "Da Silva, Lucas Pereira Mende"]
[Result "0-1"]
[WhiteElo "1863"]
[BlackElo "1974"]
[PlyCount "78"]
[EventDate "2024.01.29"]
[EventRounds "9"]
[EventCountry "BRA"]

1. e4 {Besenthal,K} c5 2. Nf3 d6 3. Bb5+ Nd7 4. a4 Ngf6 5. Nc3 e5 ({RR} 5... g6
6. a5 Bg7 7. O-O a6 8. Bc4 O-O 9. d3 Nb8 10. Nd5 Nc6 11. Nb6 Rb8 12. Bd2 Bg4
13. h3 Bxf3 14. Qxf3 Nd7 15. Nxd7 Qxd7 16. Rab1 ({RR} 16. Ra2) 16... Qd8 17. h4
Nxa5 18. Ba2 Nc6 19. h5 e6 20. g3 {Carlsen,M (2855)-Topalov,V (2761) Paris
2016 CBM 173 [Besenthal,K] 0-1 (46)} ({RR} 20. c3)) ({RR} 5... a6 6. Bc4 e6 7.
d3 Be7 8. O-O O-O 9. Re1 Ne5 10. Nxe5 dxe5 11. a5 Bd7 12. Qf3 Kh8 13. Bd2 Qc7
14. Na4 Rad8 15. Bc3 Bb5 16. Nb6 Nd7 17. Nxd7 Rxd7 18. b3 Bd6 19. Qg3 Re7 20.
f4 {Juarez Flores,C (2374)-Cu Hor,W (2301) Guatemala City GUA 2020 1/2-1/2 (32)
}) 6. O-O Be7 7. Re1 $146 ({RR} 7. d3 O-O 8. a5 Nb8 9. Ne2 Nc6 10. Bd2 a6 11.
Bc4 Bg4 12. h3 Be6 13. Ng3 Qd7 14. Re1 Nd4 15. c3 Nc6 16. Qb3 Bd8 17. Bxe6 fxe6
18. c4 Rb8 19. Qa4 Bc7 20. b4 Nxb4 21. Bxb4 Qxa4 {Gonczi,J (2210)-Erdos,V 
(2158) Sarospatak 1999 0-1 (31)}) ({RR} 7. d3 O-O 8. Nd2 Nb8 9. f4 exf4 10.
Rxf4 Nc6 11. h3 d5 12. exd5 Nd4 13. Nf1 Nxd5 14. Re4 Nb4 15. Ne3 f5 16. Rf4 Bd6
17. Bc4+ Kh8 18. Rf2 Bg3 19. Rd2 f4 20. Nf1 Be1 21. Qxe1 Nbxc2 {Nurkic,S (2379)
-Topalovic,Z (2311) Rijeka 2003 0-1}) ({RR} 7. d3 O-O 8. a5 Nb8 9. Nd2 a6 10.
Bc4 Nc6 11. Nb3 Be6 12. Bd5 Bxd5 13. Nxd5 Nxd5 14. exd5 Nb4 15. c4 Bg5 16. Bd2
Bxd2 17. Qxd2 Qh4 18. Rae1 Rae8 19. g3 Qh5 20. d4 exd4 21. Nxd4 Qg6 {
Przybylski,W (2320)-Tomczak,J (2616) Trzcianka POL 2018 1-0 (38)}) 7... O-O 8.
d3 Nb8 9. h3 Nc6 10. Bg5 Rb8 11. Qd2 Nd4 12. Nxd4 cxd4 13. Ne2 a6 14. Bc4 h6
15. Bxh6 gxh6 16. Qxh6 Nh7 17. Ng3 Bg5 18. Qg6+ Kh8 19. Bxf7 Qe7 20. Bd5 Bd7
21. Nf5 Bxf5 22. exf5 Rf6 23. Qh5 Rbf8 24. Be6 Rh6 25. Qe2 Bf4 26. g3 Ng5 27.
Kg2 Nxe6 28. fxe6 Qxe6 29. Rh1 Bg5 30. c3 Rhf6 31. Rhf1 Qd5+ 32. f3 Be3 33. c4
Qe6 34. b4 Rg8 35. b5 Rxg3+ 36. Kxg3 Rg6+ 37. Kh2 Bf4+ 38. Kh1 Qxh3+ 39. Qh2
Qxh2# 0-1

[Event "Sampa Chess Open 2024"]
[Site "Sao Paulo"]
[Date "2024.02.04"]
[Round "9.21"]
[White "Simeao, Miguel Roberto Rani"]
[Black "Hirota Da Silva, Nilton"]
[Result "1/2-1/2"]
[WhiteElo "1962"]
[BlackElo "1827"]
[PlyCount "63"]
[EventDate "2024.01.29"]
[EventRounds "9"]
[EventCountry "BRA"]

1. c4 c6 2. e4 d6 3. Nc3 e5 4. g3 Nf6 5. Bg2 Be7 6. Nge2 Be6 7. d3 Qd7 ({RR} 
7... O-O 8. f4 exf4 9. Nxf4 Nbd7 10. Nxe6 fxe6 11. Qe2 a5 12. O-O e5 13. Be3
Qe8 14. Bh3 Kh8 15. b3 Bd8 16. Kg2 Rg8 17. Qf2 Nf8 18. a3 Ng6 19. b4 Rf8 20.
Qc2 Bc7 21. Qb3 Qe7 22. b5 {Benet Catala,A (2155)-Kay,J (1772) Gold Coast AUS
2019 0-1 (74)}) 8. h3 ({RR} 8. f4 Bh3 9. Bxh3 Qxh3 10. Ng1 Qg2 11. Qf3 Qxf3 12.
Nxf3 Nbd7 13. Be3 O-O 14. Rf1 Rfe8 15. O-O-O Bd8 16. a3 a6 17. Kc2 b5 18. b3
Bc7 19. Rfe1 Rac8 20. Kb2 g6 21. cxb5 axb5 22. d4 exf4 {Tarjan,J (2510)
-Christiansen,L (2490) Pasadena 1978 1-0 (43)}) 8... Na6 9. Be3 $146 ({RR} 9.
f4 g6 10. g4 exf4 11. Bxf4 h5 12. g5 Nh7 13. h4 f6 14. Qd2 fxg5 15. hxg5 Qd8
16. Nd4 Bg4 17. Bf3 c5 18. Bxg4 cxd4 19. Be6 Nxg5 20. Nd5 Nf3+ {0-1 (20)
Abolina,A-Mosionzhik,B (2115) Gladenbach 1999}) 9... d5 10. cxd5 cxd5 11. d4
exd4 12. Nxd4 dxe4 13. Nxe6 Qxe6 14. Qa4+ Kf8 15. O-O Nb4 16. a3 Nbd5 17. Nxd5
Nxd5 18. Qxe4 Qxe4 19. Bxe4 Nxe3 20. fxe3 Bf6 21. Rac1 Re8 22. Bd5 h5 23. Rc7
Re7 24. Rc8+ Re8 25. Rc7 Re7 26. Rc8+ Re8 27. Rxe8+ Kxe8 28. b3 b6 29. Rc1 Ke7
30. e4 Be5 31. Kg2 Rh6 32. Rf1 1/2-1/2

[Event "Sampa Chess Open 2024"]
[Site "Sao Paulo"]
[Date "2024.02.04"]
[Round "9.22"]
[White "Pironti, Francisco Ferrari"]
[Black "Moreira, Paulo Vinicius Mace"]
[Result "1-0"]
[WhiteElo "1953"]
[BlackElo "1711"]
[PlyCount "123"]
[EventDate "2024.01.29"]
[EventRounds "9"]
[EventCountry "BRA"]

1. e4 e6 2. d4 d5 3. e5 c5 4. c3 Nc6 5. Nf3 Nh6 6. Bd3 Nf5 7. O-O cxd4 8. Bxf5
exf5 9. Nxd4 Nxd4 ({RR} 9... Be7 10. Re1 O-O 11. Nd2 Nxd4 12. cxd4 Qb6 13. Nf3
Be6 14. Bg5 Bxg5 15. Nxg5 Qxb2 16. Rb1 Qxa2 17. Rxb7 Rab8 18. Re7 Qa3 19. Rc7
Qa5 20. Rc5 Qd8 21. Qh5 h6 22. Nxe6 fxe6 23. Rec1 Rb7 24. h4 {Antipov,M (2607)
-Arencibia,A (2133) chess.com INT 2021 1-0 (58)}) 10. Qxd4 Be7 11. Nd2 O-O 12.
Nf3 $146 ({RR} 12. Nb3 b6 13. Rd1 Be6 14. Be3 Rc8 15. Qd3 Qc7 16. Bd4 Rfd8 17.
Nc1 Bf8 18. Ne2 Qe7 19. Qg3 g6 20. Nf4 Kh8 21. h4 h5 22. a4 Kh7 23. a5 b5 24.
Be3 a6 25. Nh3 Bh6 26. Rd4 Rc4 {Petersen,S (2244)-Tandrup,M (2028) Copenhagen
2006 1-0 (42)}) 12... Be6 13. h4 h6 14. h5 Qc7 15. Bf4 Bc5 16. Qd2 Kh7 17. a4
Rfd8 18. a5 a6 19. Be3 Rac8 20. Bxc5 Qxc5 21. Nd4 Qe7 22. Ra4 Rc4 23. Rxc4 dxc4
24. Qf4 Qg5 25. Nxe6 fxe6 26. Qxc4 Rd5 27. Qc8 Qe7 28. b4 Rxe5 29. Rd1 Qf7 30.
f3 f4 31. Qd7 Qxh5 32. Qxb7 Qh4 33. Qxa6 Re1+ 34. Rxe1 Qxe1+ 35. Qf1 Qxc3 36.
Qb1+ Kg8 37. a6 Kf7 38. b5 Qc5+ 39. Kf1 Qc4+ 40. Ke1 Qc3+ 41. Ke2 Qc4+ 42. Qd3
Qa2+ 43. Kf1 Qa1+ 44. Kf2 Qb2+ 45. Kg1 Qc1+ 46. Kh2 Qc5 47. Qd7+ Kf6 48. Qe8
Qf2 49. Qf8+ Ke5 50. Qxg7+ Kd5 51. Qd7+ Ke5 52. Qc7+ Kf5 53. Qh7+ Kg5 54. Qe4
Qc5 55. Qxe6 Qxb5 56. Qg4+ Kf6 57. Qxf4+ Kg6 58. a7 Qh5+ 59. Kg3 Qa5 60. Qe4+
Kg5 61. f4+ Kh5 62. Qe8# 1-0